000 00524nam a2200169 a 4500
001 000014279
005 20200929163544.0
008 091209s1928 dr 000 0 spa d
040 _aDO-SdBNP
_bspa
_cBNPHU
082 _axxx
_bR426l
110 1 _aRepública Dominicana
_9447
240 1 3 _a[ Leyes, etc.]
245 1 0 _aLey No. 190 con sus modificaciones y reglamento No. 1 para su aplicación.
260 _aSanto Domingo :
_bImprenta de J. R. Vda. García, Sucesores,
_c1928.
300 _a35 p. ;
_c25 cm.
049 _aBNPD
999 _c13875
_d13875